| 000 | 00743nam a2200229 a 4500 | ||
|---|---|---|---|
| 005 | 20240215063836.0 | ||
| 008 | 040224s1994 mx r 000 0 spa d | ||
| 020 | _a9507243933 | ||
| 035 | _aUPN01000132116 | ||
| 049 | _aCG | ||
| 050 | 4 |
_aHV40 _bA5.2 |
|
| 100 | 1 |
_aAnder-Egg, Ezequiel, _d1930- _928724 |
|
| 245 | 1 | 0 |
_aAdministración de programas de acción social / _cEzequiel Ander-Egg, María José Aguilar Idáñez. |
| 260 |
_aBuenos Aires : _bLumen, _c1994. |
||
| 300 |
_a151 p. : _bil. |
||
| 440 | 0 | _aPolítica, servicios y trabajo social | |
| 650 | 4 |
_aTrabajo social _96125 |
|
| 650 | 4 |
_aTRABAJADORES SOCIALES _96494 |
|
| 650 | 4 |
_aAdministración _928 |
|
| 700 | 1 |
_aAguilar Idáñez, María José, _ecoaut. _928676 |
|
| 905 | _aLibro | ||
| 999 |
_c104271 _d104271 |
||